Mass communication / (Record no. 33706)
[ view plain ]
| 000 -LEADER | |
|---|---|
| fixed length control field | 00663cam a2200241 4500 |
| 001 - CONTROL NUMBER | |
| control field | 33706 |
| 003 - CONTROL NUMBER IDENTIFIER | |
| rucl marc code | BD-RjUL |
| 005 - DATE AND TIME OF LATEST TRANSACTION | |
| control field | 20211209052039.0 |
| 008 - FIXED-LENGTH DATA ELEMENTS--GENERAL INFORMATION | |
| fixed length control field | 140511s1968 enkafh b 000 0 eng |
| 035 ## - SYSTEM CONTROL NUMBER | |
| System control number | (BD-RjUL)33797 |
| 040 ## - CATALOGING SOURCE | |
| Original cataloging agency | DLC |
| Transcribing agency | DLC |
| Modifying agency | BD-RjUL |
| Language of cataloging | eng |
| 041 ## - LANGUAGE CODE | |
| Language code of text/sound track or separate title | eng |
| 082 00 - DEWEY DECIMAL CLASSIFICATION NUMBER | |
| Classification number | 301.16 |
| Author mark and year | HAM 1968 |
| 100 1# - MAIN ENTRY--PERSONAL NAME | |
| Personal name | Hancock, Alan, |
| Dates associated with a name | active 1965- |
| 9 (RLIN) | 102342 |
| 245 10 - TITLE STATEMENT | |
| Title | Mass communication / |
| Statement of responsibility, etc. | Alan Hancock. |
| 260 ## - PUBLICATION, DISTRIBUTION, ETC. (IMPRINT) | |
| Place of publication, distribution, etc. | Harlow : |
| Name of publisher, distributor, etc. | Longmans, |
| Date of publication, distribution, etc. | c1968. |
| 300 ## - PHYSICAL DESCRIPTION | |
| Pagination | [6], 96 p. : |
| Illustrations | illus. ; |
| Size | 27 cm. |
| 504 ## - BIBLIOGRAPHY, ETC. NOTE | |
| Bibliography, etc | Bibliography: p. 95-96. |
| 650 #0 - SUBJECT ADDED ENTRY--TOPICAL TERM | |
| Topical term or geographic name as entry element | Mass media |
| General subdivision | Social aspects. |
| 9 (RLIN) | 2862 |
| 942 ## - ADDED ENTRY ELEMENTS (KOHA) | |
| Source of classification or shelving scheme | Dewey Decimal Classification |
| Koha item type | Books |
| Lost status | Source of classification or shelving scheme | Damaged status | Not for loan | Collection code | Permanent Location | Current Location | Shelving location | Date acquired | Source of acquisition | Total Checkouts | Full call number | Date last seen | Copy number | Koha item type |
|---|---|---|---|---|---|---|---|---|---|---|---|---|---|---|
| Dewey Decimal Classification | Not For Loan | Non-fiction | Central Library, University of Rajshahi | Central Library, University of Rajshahi | Reading Room | 20/01/1970 | Zeitlinger | 301.16 HAM 1968 | 11/05/2014 | C-1 | Books |